Normal view
MARC view
Entry Personal Name
001 - CONTROL NUMBER
- control field: 1360
003 - CONTROL NUMBER IDENTIFIER
- control field: OSt
005 - DATE AND TIME OF LATEST TRANSACTION
- control field: 20110420161258.0
008 - FIXED-LENGTH DATA ELEMENTS
- fixed length control field: 110420|||a|||||| | ||| d
040 ## - CATALOGING SOURCE
- Original cataloging agency: OSt
- Transcribing agency: OSt
100 ## - HEADING--PERSONAL NAME
- Personal name: Hill, Harold Arthur.
670 ## - SOURCE DATA FOUND
- Source citation: Work cat.: (OSt)0: Redman, Joseph Haworth, 1846-1927. 1358, Hill and Redman's law of landlord and tenant,, 1970.
